[Event "Voronezh op"]
[Site "Voronezh"]
[Date "2005.06.13"]
[Round "2"]
[White "Kurenkov, Nikolai"]
[Black "Chukhno, Igor"]
[Result "1-0"]
[WhiteElo "2455"]
[BlackElo "2292"]
[PlyCount "75"]
[EventDate "2005.06.12"]
[EventType "swiss"]
[EventRounds "9"]
[EventCountry "RUS"]
[SourceTitle "CBM 106 Extra"]
[Source "ChessBase"]
[SourceDate "2005.07.01"]
[SourceVersion "1"]
[SourceVersionDate "2005.07.01"]
[SourceQuality "1"]

1. e4 c5 2. Nf3 d6 3. d4 cxd4 4. Nxd4 Nf6 5. Nc3 a6 6. Be3 e5 7. Nb3 Be6 8. f3 Be7 9. Qd2 Nbd7 10. g4 h6 11. 0-0-0 b5 12. h4 Nb6 13. Qf2 Nfd7 14. Kb1 Qc7 15. Nd5 Bxd5 16. exd5 Nc4 17. Bc1 Rb8 18. f4 exf4 19. Qxf4 Bf6 20. Bd3 Be5 21. Qf3 Ndb6 22. Rde1 Kd8 23. c3 Qb7 24. Rhf1 Rf8 25. Nd4 Bxd4 26. cxd4 Qxd5 27. Qe2 Qb7 28. b3 Nd5 29. Ka1 Ncb6 30. Bd2 Rc8 31. Ba5 Kc7 32. Be4 Kb8 33. Qf3 Rfe8 34. Bxb6 Qxb6 35. Bxd5 Qxd4+ 36. Kb1 Rxe1+ 37. Rxe1 Qd2 38. Qd1 1-0